Welcome to CU Library Online Public Access Catalogue (OPAC)

God's potters : (Record no. 6243)

MARC details
000 -LEADER
fixed length control field 00799cam a22002174a 4500
001 - CONTROL NUMBER
control field 14175367
005 - DATE AND TIME OF LATEST TRANSACTION
control field 20250604094220.0
008 - FIXED-LENGTH DATA ELEMENTS--GENERAL INFORMATION
fixed length control field 051121s2006 miua b 001 0 eng
020 ## - INTERNATIONAL STANDARD BOOK NUMBER
International Standard Book Number 0802863205 (pbk. : alk. paper)
050 00 - LIBRARY OF CONGRESS CALL NUMBER
Classification number BV4011.3
Item number .C37 2006
082 00 - DEWEY DECIMAL CLASSIFICATION NUMBER
Classification number 253
Edition information 22
100 1# - MAIN ENTRY--PERSONAL NAME
Personal name Carroll, Jackson W.
245 10 - TITLE STATEMENT
Title God's potters :
Remainder of title pastoral leadership and the shaping of congregations /
Statement of responsibility, etc. Jackson W. Carroll ; with the assistance of Becky R. McMillan.
260 ## - PUBLICATION, DISTRIBUTION, ETC.
Place of publication, distribution, etc. Grand Rapids, Mich. :
Name of publisher, distributor, etc. William B. Eerdmans Pub.,
Date of publication, distribution, etc. c2006.
300 ## - PHYSICAL DESCRIPTION
Extent xvi, 296 p. :
Other physical details ill. ;
Dimensions 23 cm.
650 #0 - SUBJECT ADDED ENTRY--TOPICAL TERM
Topical term or geographic name entry element Pastoral theology.
650 #0 - SUBJECT ADDED ENTRY--TOPICAL TERM
Topical term or geographic name entry element Christian leadership.
700 1# - ADDED ENTRY--PERSONAL NAME
Personal name McMillan, Becky R.
856 41 - ELECTRONIC LOCATION AND ACCESS
Materials specified Table of contents only
Uniform Resource Identifier <a href="http://www.loc.gov/catdir/toc/ecip064/2005034137.html">http://www.loc.gov/catdir/toc/ecip064/2005034137.html</a>
942 ## - ADDED ENTRY ELEMENTS (KOHA)
Source of classification or shelving scheme Library of Congress Classification
Koha item type Books
Suppress in OPAC No
999 ## -
-- 6243
-- 6243
Holdings
Withdrawn status Lost status Source of classification or shelving scheme Damaged status Not for loan Collection Home library Current library Shelving location Date acquired Total checkouts Full call number Barcode Date last seen Copy number Price effective from Koha item type
    Library of Congress Classification     Non-fiction Undergraduate Library (Christ Temple) Undergraduate Library (Christ Temple) General stacks 06/04/2025   BV4011.3 CAR ulct00002984 06/04/2025 1 06/04/2025 Books
© 2023-2024 Copyright: Central University Libraries. All Rights Reserved | Created by: Mahone Tech Office